Statistiques concernant Joueurs ayant remporté la Ligue des Champions et la Coupe du Monde

Cliquez ici pour prendre le quiz!

Statistiques générales

  • Ce quiz a été pris 287 fois
  • Le résultat moyen est 30 sur 50

Statistiques - réponses

PAYSCLUB(S)POSTEJOUEUR% Correct
Argentine 2022FC BarceloneAttaquantLionel Messi
94%
France 2018ChelseaMilieuN'Golo Kanté
90%
France 2018Real MadridDéfenseurRaphaël Varane
88%
Espagne 2010FC BarceloneMilieuXavi
87%
Espagne 2010FC BarceloneMilieuAndrés Iniesta
85%
France 2018Bayern MunichDéfenseurBenjamin Pavard
84%
Argentine 2022Manchester CityAttaquantJulián Álvarez
84%
France 2018ChelseaAttaquantOlivier Giroud
84%
Espagne 2010Real MadridDéfenseurSergio Ramos
83%
Allemagne 2014Bayern MunichAttaquantThomas Müller
82%
France 2018Bayern MunichDéfenseurLucas Hernandez
81%
Allemagne 2014Bayern MunichGardienManuel Neuer
80%
Espagne 2010Real MadridGardienIker Casillas
79%
Allemagne 2014Bayern Munich / Real MadridMilieuToni Kroos
79%
Espagne 2010Manchester United / FC BarceloneDéfenseurGerard Piqué
78%
France 2018Bayern MunichMilieuCorentin Tolisso
77%
Brésil 2002FC BarceloneAttaquantRonaldinho
77%
Espagne 2010FC BarceloneDéfenseurCarles Puyol
76%
Espagne 2010FC BarceloneMilieuSergio Busquets
75%
Argentine 2022Real MadridAttaquantÁngel Di María
73%
Espagne 2010FC BarceloneAttaquantDavid Villa
73%
Espagne 2010Liverpool / Real MadridMilieuXabi Alonso
73%
Brésil 2002AC MilanGardienDida
71%
Espagne 2010ChelseaAttaquantFernando Torres
71%
Espagne 2010FC BarceloneGardienVictor Valdes
68%
Brésil 2002AC MilanMilieuKaká
67%
Allemagne 2014Bayern MunichDéfenseurJérôme Boateng
66%
Allemagne 2014Bayern MunichDéfenseurPhilipp Lahm
66%
Brésil 2002Real MadridDéfenseurRoberto Carlos
64%
Brésil 2002AC MilanDéfenseurCafu
61%
Espagne 2010FC BarceloneAttaquantPedro
61%
Italie 2006AC MilanMilieuAndrea Pirlo
59%
Allemagne 2014Bayern MunichMilieuBastian Schweinsteiger
53%
Italie 2006AC MilanDéfenseurAlessandro Nesta
50%
Brésil 2002AC MilanAttaquantRivaldo
50%
Allemagne 2014Real MadridMilieuSami Khedira
50%
Italie 2006JuventusAttaquantAlessandro Del Piero
49%
Italie 2006AC MilanAttaquantFilippo Inzaghi
48%
Espagne 2010Bayern MunichMilieuJavi Martínez
46%
Italie 2006Inter MilanDéfenseurMarco Materazzi
43%
Italie 2006AC MilanMilieuGennaro Gattuso
39%
Espagne 2010Real MadridDéfenseurÁlvaro Arbeloa
35%
Espagne 2010ChelseaMilieuJuan Mata
34%
Brésil 2002Inter MilanDéfenseurLúcio
32%
Brésil 2002FC BarceloneMilieuEdmílson
12%
Italie 2006AC MilanAttaquantAlberto Gilardino
7%
Brésil 2002FC BarceloneDéfenseurJuliano Belletti
6%
Italie 2006JuventusGardienAngelo Peruzzi
4%
Italie 2006AC MilanDéfenseurMassimo Oddo
4%
Brésil 2002AC MilanDéfenseurRoque Júnior
4%

Distribution des résultats

Percentile par nombre de réponses

% des personnes avec chaque résultat

Votre développement - résultats

Vous n’avez pas pris ce quiz